[Event "DEM U18w 2000"]
[Site "Überlingen GER"]
[Date "2000.06.04"]
[Round "1"]
[White "Pielawa, Susanne"]
[Black "Lange, Corinna"]
[Result "0-1"]
[Termination "normal"]
[Board "8"]
[WhiteElo "1471"]
[BlackElo "1787"]
[PlyCount "64"]
[EventCountry "GER"]
[EventRounds "9"]
[EventType "swiss"]
[EventDate "2000.06.03"]

1. e4 e6 2. d4 d5 3. exd5 exd5 4. Nf3 Bf5 5. Bf4 Bd6 6. Bxd6 Qxd6 7. Bd3 Bxd3
8. Qxd3 Nc6 9. O-O Nge7 10. Nbd2 O-O 11. Rfe1 Ng6 12. c4 Rae8 13. Re3 Nf4 14.
Qc3 Ne2+ 15. Rxe2 Rxe2 16. Re1 Rxe1+ 17. Nxe1 dxc4 18. Qxc4 Qxd4 19. Qxd4 Nxd4
20. Nd3 Rd8 21. Kf1 b6 22. Nc4 c5 23. Nde5 f6 24. Ng4 b5 25. Na5 Rd7 26. b3 Ne6
27. Ne3 Rd2 28. a3 Ra2 29. a4 bxa4 30. bxa4 Rxa4 31. Nac4 Nf4 32. g3 Ra1+ 0-1

[Event "DEM U18w 2000"]
[Site "Überlingen GER"]
[Date "2000.06.04"]
[Round "1"]
[White "Bauer, Kerstin"]
[Black "Gimmerthal, Ina"]
[Result "1-0"]
[Termination "normal"]
[Board "9"]
[WhiteElo "1770"]
[BlackElo "1369"]
[PlyCount "45"]
[EventCountry "GER"]
[EventRounds "9"]
[EventType "swiss"]
[EventDate "2000.06.03"]

1. d4 Nf6 2. c4 c5 3. Nf3 g6 4. Nc3 cxd4 5. Nxd4 Bg7 6. e4 d6 7. Be2 O-O 8. f3
Nbd7 9. O-O b6 10. Be3 Bb7 11. Qd2 Qc8 12. Rac1 Nc5 13. Nd5 Nxd5 14. cxd5 Qd7
15. Bb5 Qd8 16. b4 Nd7 17. Bc6 Bxc6 18. dxc6 Nf6 19. Rc2 Rc8 20. Nb5 a6 21. Na7
Ra8 22. c7 Qd7 23. Bxb6 1-0

[Event "DEM U18w 2000"]
[Site "Überlingen GER"]
[Date "2000.06.04"]
[Round "1"]
[White "Böck, Katharina"]
[Black "Fenske, Nora"]
[Result "1/2-1/2"]
[Termination "normal"]
[Board "10"]
[WhiteElo "1256"]
[BlackElo "1764"]
[PlyCount "74"]
[EventCountry "GER"]
[EventRounds "9"]
[EventType "swiss"]
[EventDate "2000.06.03"]

1. d4 Nf6 2. Nf3 g6 3. e3 Bg7 4. Bd3 O-O 5. O-O d6 6. c3 Re8 7. Qc2 Nbd7 8.
Nbd2 e5 9. b3 c6 10. Bb2 Qe7 11. dxe5 dxe5 12. Ng5 Nd5 13. Nge4 N7f6 14. Nxf6+
Bxf6 15. Ne4 Bg7 16. c4 Nb4 17. Qe2 Nxd3 18. Qxd3 Bf5 19. Rad1 Rad8 20. Qc2 Qh4
21. f3 Bh6 22. Qf2 Qxf2+ 23. Kxf2 Bxe4 24. fxe4 Bg5 25. Ke2 f6 26. Ba3 Kf7 27.
Bb2 Ke6 28. g4 Rf8 29. Ba3 Rh8 30. Rh1 Bh4 31. h3 Bg5 32. h4 Bh6 33. h5 gxh5
34. Rxd8 Rxd8 35. Rxh5 Bg5 36. Rxh7 Rd7 37. Rxd7 Kxd7 1/2-1/2

[Event "DEM U18w 2000"]
[Site "Überlingen GER"]
[Date "2000.06.04"]
[Round "1"]
[White "Schulz, Susanne"]
[Black "Beilschmidt, Eva"]
[Result "0-1"]
[Termination "normal"]
[Board "11"]
[WhiteElo "1730"]
[BlackElo "1178"]
[PlyCount "104"]
[EventCountry "GER"]
[EventRounds "9"]
[EventType "swiss"]
[EventDate "2000.06.03"]

1. d4 Nf6 2. Nf3 e6 3. Bf4 c5 4. e3 Nc6 5. c3 b6 6. Bd3 Bb7 7. O-O Be7 8. Nbd2
Nh5 9. Bg3 Nxg3 10. hxg3 O-O 11. Nh2 Bd6 12. Qh5 h6 13. Ng4 Qg5 14. Qh3 f5 15.
Ne5 Nxe5 16. dxe5 Bc7 17. f4 Qg6 18. Rad1 d6 19. exd6 Bxd6 20. Be2 Rad8 21. Kf2
a6 22. Rh1 b5 23. g4 fxg4 24. Bxg4 Bd5 25. b3 e5 26. f5 Qf7 27. e4 Bc6 28. Bf3
c4 29. bxc4 Bc5+ 30. Ke1 bxc4 31. Qg3 Qf6 32. Nxc4 Rxd1+ 33. Kxd1 Qd8+ 34. Nd2
Be3 35. Qe1 Ba4+ 36. Ke2 Qb6 37. Qb1 Qc5 38. Qd3 Bxd2 39. Qxd2 Bb5+ 40. Ke1 Kh7
41. Be2 Rf6 42. Bh5 Rd6 43. Qc1 Qc4 44. Qc2 Rd3 45. Bg6+ Kh8 46. f6 Re3+ 47.
Kd1 Ba4 48. Qxa4 Qxa4+ 49. Kd2 Rg3 50. f7 Qa3 51. Ke2 Rxg6 52. Rf1 Rf6 0-1

[Event "DEM U18w 2000"]
[Site "Überlingen GER"]
[Date "2000.06.04"]
[Round "1"]
[White "Wenke, Andrea"]
[Black "Hippe, Franziska"]
[Result "0-1"]
[Termination "normal"]
[Board "12"]
[WhiteElo "992"]
[BlackElo "1672"]
[PlyCount "72"]
[WhiteFideId "24677736"]
[EventCountry "GER"]
[EventRounds "9"]
[EventType "swiss"]
[EventDate "2000.06.03"]

1. e4 c5 2. Nf3 Nc6 3. Nc3 g6 4. d3 Bg7 5. Be2 d6 6. O-O e6 7. Bg5 Qa5 8. Qd2
a6 9. a3 Qc7 10. Rab1 h6 11. Be3 Nd4 12. Bxd4 cxd4 13. Na2 Ne7 14. c3 dxc3 15.
Nxc3 O-O 16. Rfc1 Qd8 17. d4 Bd7 18. d5 e5 19. Nd1 f5 20. Bd3 f4 21. Qb4 Bc8
22. Nd2 b5 23. f3 g5 24. Nb3 a5 25. Qc3 Ra7 26. Kh1 Bd7 27. Rc2 Nxd5 28. exd5
e4 29. Qd2 exd3 30. Qxd3 Bf5 31. Qd2 Bxc2 32. Qxc2 Re8 33. h3 Re1+ 34. Kh2 Qb6
35. Qc8+ Bf8 36. Qg4 Qg1# 0-1

[Event "DEM U18w 2000"]
[Site "Überlingen GER"]
[Date "2000.06.04"]
[Round "2"]
[White "Polushkina, Svetlana"]
[Black "Lange, Corinna"]
[Result "1/2-1/2"]
[Termination "normal"]
[Board "2"]
[WhiteElo "2092"]
[BlackElo "1787"]
[PlyCount "72"]
[WhiteFideId "4667727"]
[EventCountry "GER"]
[EventRounds "9"]
[EventType "swiss"]
[EventDate "2000.06.03"]

1. c4 e6 2. Nc3 d5 3. d4 c6 4. e3 f5 5. Bd3 Nf6 6. Qc2 Ne4 7. Nge2 Bd6 8. O-O
O-O 9. f3 Nxc3 10. Nxc3 e5 11. cxd5 exd4 12. exd4 Kh8 13. dxc6 Nxc6 14. Be3 Nb4
15. Qd2 f4 16. Bf2 Nxd3 17. Qxd3 Rf5 18. Rfe1 Rh5 19. Nb5 Bb4 20. Re2 Bd7 21.
Re5 Rxe5 22. dxe5 a6 23. Nd6 Bxd6 24. exd6 Qf8 25. Rd1 Re8 26. Bh4 Re3 27. Qd5
b5 28. Qb7 Qf5 29. Rc1 Re2 30. Bf2 h6 31. Qxa6 Qe6 32. Qa3 Rd2 33. Qa8+ Kh7 34.
Qe4+ Qxe4 35. fxe4 Rxd6 36. e5 Rd2 1/2-1/2

[Event "DEM U18w 2000"]
[Site "Überlingen GER"]
[Date "2000.06.04"]
[Round "2"]
[White "Hippe, Franziska"]
[Black "Umpfenbach, Carolin"]
[Result "0-1"]
[Termination "time forfeit"]
[Board "3"]
[WhiteElo "1672"]
[BlackElo "2036"]
[PlyCount "64"]
[BlackFideId "4655117"]
[EventCountry "GER"]
[EventRounds "9"]
[EventType "swiss"]
[EventDate "2000.06.03"]

1. e4 e6 2. d4 d5 3. Nc3 Bb4 4. exd5 exd5 5. Bd3 c6 6. Nge2 Nf6 7. O-O O-O 8.
Ng3 Re8 9. Bf4 Be6 10. Nce2 Bd6 11. c3 Qc7 12. Bg5 Nbd7 13. f3 h6 14. Be3 Nf8
15. Qc2 b6 16. Rad1 Rab8 17. Bf2 h5 18. Rfe1 Re7 19. Nf1 N6h7 20. Bg3 Rbe8 21.
Bxd6 Qxd6 22. Nfg3 g6 23. Qd2 Bd7 24. Nc1 h4 25. Nf1 Qf6 26. Rxe7 Rxe7 27. Be2
Ng5 28. h3 Bf5 29. Bd3 Bxh3 30. f4 Nge6 31. gxh3 Nxf4 32. Qh2 Nh7 0-1

[Event "DEM U18w 2000"]
[Site "Überlingen GER"]
[Date "2000.06.04"]
[Round "2"]
[White "Kouznetsova, Elena"]
[Black "Bauer, Kerstin"]
[Result "1-0"]
[Termination "normal"]
[Board "4"]
[WhiteElo "2028"]
[BlackElo "1770"]
[PlyCount "67"]
[EventCountry "GER"]
[EventRounds "9"]
[EventType "swiss"]
[EventDate "2000.06.03"]

1. e4 c5 2. Nf3 Nc6 3. d4 cxd4 4. Nxd4 g6 5. c4 Bg7 6. Be3 Nf6 7. Nc3 d6 8. Be2
O-O 9. O-O a6 10. f4 Re8 11. Nc2 e6 12. Qe1 Re7 13. Rd1 Rd7 14. Bf3 Ne7 15. Na4
Rb8 16. Nb6 Rc7 17. e5 Ne8 18. exd6 Nxd6 19. c5 Nef5 20. Qd2 Nxe3 21. Nxe3 Rxc5
22. Qxd6 Qxd6 23. Rxd6 Bxb2 24. Rd8+ Kg7 25. Na4 Bf6 26. Nxc5 Bxd8 27. Nc4 b5
28. Ne5 Bb6 29. Rc1 f6 30. Ned3 h6 31. Kf1 g5 32. g3 f5 33. Ne5 Ba5 34. Nc6 1-0

[Event "DEM U18w 2000"]
[Site "Überlingen GER"]
[Date "2000.06.04"]
[Round "2"]
[White "Beilschmidt, Eva"]
[Black "Tepluhina, Katharina"]
[Result "0-1"]
[Termination "normal"]
[Board "5"]
[WhiteElo "1178"]
[BlackElo "1935"]
[PlyCount "64"]
[EventCountry "GER"]
[EventRounds "9"]
[EventType "swiss"]
[EventDate "2000.06.03"]

1. e4 c5 2. f4 Nc6 3. Nf3 g6 4. Bc4 e6 5. Nc3 Bg7 6. d3 Nge7 7. a4 O-O 8. O-O
b6 9. Ne2 d5 10. Bb3 a6 11. Be3 Bxb2 12. Rb1 Bg7 13. Ng3 dxe4 14. dxe4 Nd4 15.
Bc4 Nxf3+ 16. Qxf3 Bd7 17. Rbd1 Qc7 18. Ra1 Bxa1 19. Rxa1 Bc6 20. Qg4 Kh8 21.
Bd3 Ng8 22. f5 Qe5 23. Rb1 exf5 24. Qg5 f6 25. Bf4 Qd4+ 26. Be3 fxg5 27. Bxd4+
cxd4 28. exf5 gxf5 29. Nxf5 Bxa4 30. Rxb6 Bb5 31. Nxd4 Bxd3 32. cxd3 Rab8 0-1

[Event "DEM U18w 2000"]
[Site "Überlingen GER"]
[Date "2000.06.04"]
[Round "2"]
[White "Fenske, Nora"]
[Black "Rezai-Perdomo, Yuanné"]
[Result "0-1"]
[Termination "normal"]
[Board "6"]
[WhiteElo "1764"]
[BlackElo "1793"]
[PlyCount "34"]
[EventCountry "GER"]
[EventRounds "9"]
[EventType "swiss"]
[EventDate "2000.06.03"]

1. e4 d5 2. exd5 Nf6 3. d4 Bg4 4. Nf3 Qxd5 5. Be2 Nc6 6. c4 Qh5 7. O-O O-O-O 8.
h3 Nxd4 9. Nxd4 Bxe2 10. Qxe2 Rxd4 11. Qc2 e6 12. Be3 Rh4 13. Rd1 Rxc4 14. Qd3
Qd5 15. Qb3 Qc6 16. a3 Nd5 17. Bd4 Nf4 0-1

[Event "DEM U18w 2000"]
[Site "Überlingen GER"]
[Date "2000.06.04"]
[Round "2"]
[White "Goerke, Marina"]
[Black "Böck, Katharina"]
[Result "1-0"]
[Termination "normal"]
[Board "7"]
[WhiteElo "1502"]
[BlackElo "1256"]
[PlyCount "77"]
[EventCountry "GER"]
[EventRounds "9"]
[EventType "swiss"]
[EventDate "2000.06.03"]

1. Nf3 d5 2. g3 Nf6 3. Bg2 Nbd7 4. d3 e5 5. O-O Bd6 6. Nc3 c6 7. e4 O-O 8. exd5
cxd5 9. Bg5 h6 10. Bxf6 Nxf6 11. Nb5 Bg4 12. Qe1 Bxf3 13. Bxf3 a6 14. Nxd6 Qxd6
15. c4 Rad8 16. Qa5 dxc4 17. dxc4 Qe7 18. Rfe1 Rfe8 19. Rad1 Rc8 20. Bd5 Rc5
21. Qd2 Rd8 22. Bxf7+ Kxf7 23. Qxd8 Qxd8 24. Rxd8 Ke7 25. Rd4 Kf7 26. Rd2 g5
27. Rc2 b5 28. b3 Ke6 29. f4 e4 30. fxg5 hxg5 31. Rec1 b4 32. Re2 Ke5 33. Rd1
a5 34. Rd8 Kf5 35. Rf2+ Ke5 36. Rf8 Ng4 37. R2f5+ Kd6 38. Rxc5 Kxc5 39. Rf5+
1-0

[Event "DEM U18w 2000"]
[Site "Überlingen GER"]
[Date "2000.06.04"]
[Round "2"]
[White "Köster, Sabrina"]
[Black "Schulz, Susanne"]
[Result "1-0"]
[Termination "normal"]
[Board "8"]
[WhiteElo "1545"]
[BlackElo "1730"]
[PlyCount "141"]
[EventCountry "GER"]
[EventRounds "9"]
[EventType "swiss"]
[EventDate "2000.06.03"]

1. d4 d5 2. c4 e6 3. Nc3 Nf6 4. Bg5 Nbd7 5. cxd5 exd5 6. e3 c6 7. Bd3 Be7 8.
Qc2 h6 9. Bh4 O-O 10. Nf3 Re8 11. O-O Nh5 12. Bxe7 Qxe7 13. Rab1 Nhf6 14. b4
Nb6 15. Nd2 Be6 16. Na4 Nxa4 17. Qxa4 b5 18. Qc2 Rec8 19. a3 Nd7 20. Nb3 Nb6
21. Nc5 Nc4 22. Qc3 Qc7 23. a4 a6 24. Ra1 Qe7 25. Ra2 Qe8 26. Rfa1 Rcb8 27.
axb5 axb5 28. Na6 Rc8 29. Nc7 Rxc7 30. Rxa8 Rc8 31. Rxc8 Bxc8 32. Ra8 g6 33.
Be2 Kh7 34. Bg4 Nb6 35. Rb8 Qe4 36. Bd1 Qb1 37. Qc2 Qxb4 38. Kf1 Qa5 39. Qxc6
Qd2 40. Qc2 Qb4 41. Rxb6 Bf5 42. Qe2 Qc3 43. Qe1 Qc7 44. Ra6 Qxh2 45. Ra3 h5
46. Ke2 Qxg2 47. Kd2 h4 48. Qe2 h3 49. Qf3 Kg7 50. e4 Qg5+ 51. Qe3 Qxe3+ 52.
Rxe3 dxe4 53. Re1 g5 54. Ke3 b4 55. Bc2 Bd7 56. Bxe4 f5 57. Bd5 Ba4 58. Rb1 Kf6
59. Rxb4 Bd1 60. Rb1 f4+ 61. Kd3 Bg4 62. Rb6+ Kg7 63. Be6 h2 64. Bd5 Bh3 65.
Rb1 g4 66. Bh1 f3 67. Ke3 g3 68. fxg3 Bg2 69. Kf2 Kf6 70. Bxg2 fxg2 71. Kxg2
1-0

[Event "DEM U18w 2000"]
[Site "Überlingen GER"]
[Date "2000.06.04"]
[Round "2"]
[White "Kind, Veronika"]
[Black "Mädel, Katja"]
[Result "1-0"]
[Termination "normal"]
[Board "9"]
[WhiteElo "1622"]
[BlackElo "1515"]
[PlyCount "131"]
[EventCountry "GER"]
[EventRounds "9"]
[EventType "swiss"]
[EventDate "2000.06.03"]

1. e4 e5 2. Nf3 Nf6 3. d4 exd4 4. e5 Ne4 5. Qxd4 d5 6. exd6 Nxd6 7. Bf4 Nc6 8.
Qd2 Bd7 9. Bd3 Qe7+ 10. Qe2 O-O-O 11. O-O Nb4 12. Qd2 Nxd3 13. cxd3 Bf5 14. Re1
Qd7 15. Ne5 Qe8 16. Ng6 Qxe1+ 17. Qxe1 Bxg6 18. Qa5 a6 19. d4 Nb5 20. d5 Bc5
21. Nc3 Bb6 22. Qa4 Nxc3 23. bxc3 Rxd5 24. Re1 Rhd8 25. h3 Ra5 26. Qb3 Rb5 27.
Qa3 Ra5 28. Qb2 Rb5 29. Qe2 Rf5 30. Be3 Re5 31. Qg4+ Kb8 32. Rd1 Rxd1+ 33. Qxd1
Bxe3 34. fxe3 Kc8 35. Qg4+ f5 36. Qc4 Re7 37. Qg8+ Kd7 38. Qd5+ Kc8 39. Kf2 Rf7
40. Qe5 Kd7 41. Qd5+ Kc8 42. Kg3 Re7 43. Qc5 Rf7 44. Qa7 c6 45. c4 Kc7 46. c5
Kc8 47. Qa8+ Kc7 48. Qe8 Rd7 49. Qe5+ Kc8 50. Kf4 Kd8 51. h4 Kc8 52. Kg5 f4 53.
Kxf4 Rf7+ 54. Kg3 Rd7 55. h5 Bd3 56. e4 Bc4 57. a4 Bf7 58. Qxg7 Bxh5 59. Qf8+
Kc7 60. Qf4+ Kc8 61. e5 Bg6 62. e6 Rd8 63. Kh4 Rd5 64. Qf8+ Kc7 65. e7 Re5 66.
Qd8# 1-0

[Event "DEM U18w 2000"]
[Site "Überlingen GER"]
[Date "2000.06.04"]
[Round "2"]
[White "Pielawa, Susanne"]
[Black "Piochacz, Petra"]
[Result "0-1"]
[Termination "normal"]
[Board "10"]
[WhiteElo "1471"]
[BlackElo "1589"]
[PlyCount "146"]
[EventCountry "GER"]
[EventRounds "9"]
[EventType "swiss"]
[EventDate "2000.06.03"]

1. e4 c5 2. Nf3 d6 3. Bb5+ Nd7 4. O-O Ngf6 5. Re1 e6 6. c3 Be7 7. d4 cxd4 8.
cxd4 Qc7 9. Bf4 a6 10. Bd3 b5 11. a3 Bb7 12. Nc3 Rc8 13. Rc1 Qd8 14. b4 O-O 15.
Qb3 Nb6 16. Nd2 Rc6 17. f3 Qc7 18. e5 Nfd5 19. exd6 Bxd6 20. Bxd6 Qxd6 21. Nde4
Qf4 22. Ne2 Qe3+ 23. Kf1 Rxc1 24. Nxc1 Qxd4 25. Ne2 Ne3+ 26. Kg1 Qd5 27. Qxd5
Nexd5 28. Nc5 Bc8 29. Rb1 Nd7 30. Rc1 Nxc5 31. bxc5 Bb7 32. Be4 Rc8 33. Kf2 f5
34. Bb1 Kf7 35. f4 Ne7 36. Ba2 Bd5 37. Bxd5 Nxd5 38. g3 Ne7 39. Nd4 Nc6 40.
Nxc6 Rxc6 41. Ke3 Kf6 42. Kd4 h6 43. h3 g5 44. Rc3 Ke7 45. Ke5 a5 46. Kd4 Rc8
47. Rb3 Rd8+ 48. Ke3 Rb8 49. a4 b4 50. Kd4 Kd7 51. Ke5 Rc8 52. Rd3+ Ke7 53. Kd4
Rd8+ 54. Kc4 Rxd3 55. Kxd3 gxf4 56. gxf4 Kd7 57. Kd4 Kc6 58. Kc4 h5 59. h4 b3
60. Kxb3 Kxc5 61. Kc3 Kd5 62. Kd3 e5 63. fxe5 Kxe5 64. Ke3 f4+ 65. Kf3 Kf5 66.
Kf2 Kg4 67. Kg2 Kxh4 68. Kf3 Kg5 69. Kf2 Kg4 70. Kg2 f3+ 71. Kf1 Kg3 72. Kg1
f2+ 73. Kf1 h4 0-1

[Event "DEM U18w 2000"]
[Site "Überlingen GER"]
[Date "2000.06.04"]
[Round "2"]
[White "Fried, Annika"]
[Black "Wenke, Andrea"]
[Result "0-1"]
[Termination "normal"]
[Board "11"]
[WhiteElo "1552"]
[BlackElo "992"]
[PlyCount "48"]
[BlackFideId "24677736"]
[EventCountry "GER"]
[EventRounds "9"]
[EventType "swiss"]
[EventDate "2000.06.03"]

1. e4 d6 2. d4 Nf6 3. Bg5 Nxe4 4. Be3 Nf6 5. Bd3 g6 6. Nc3 Bg7 7. Qd2 O-O 8.
Bh6 Nc6 9. Bxg7 Kxg7 10. Nge2 Bd7 11. a3 e6 12. h4 Ne7 13. f3 c5 14. dxc5 dxc5
15. g4 Bc6 16. Qe3 Nxg4 17. Qxc5 Nf5 18. fxg4 Bxh1 19. gxf5 Qxh4+ 20. Qf2 Qxf2+
21. Kxf2 Bc6 22. fxe6 fxe6+ 23. Ke3 e5 24. Rh1 Bxh1 0-1

[Event "DEM U18w 2000"]
[Site "Überlingen GER"]
[Date "2000.06.04"]
[Round "2"]
[White "Gimmerthal, Ina"]
[Black "Diehle, Julia"]
[Result "1-0"]
[Termination "normal"]
[Board "12"]
[WhiteElo "1369"]
[BlackElo "1545"]
[PlyCount "81"]
[EventCountry "GER"]
[EventRounds "9"]
[EventType "swiss"]
[EventDate "2000.06.03"]

1. d4 Nf6 2. c4 c5 3. d5 b5 4. Nf3 g6 5. Nbd2 Bg7 6. e4 d6 7. Bd3 bxc4 8. Bxc4
O-O 9. O-O Na6 10. Re1 Rb8 11. Rb1 Nd7 12. b3 Qa5 13. a4 Nb6 14. Bb5 Nb4 15.
Nc4 Nxc4 16. Bxc4 Bg4 17. Bb2 Bxb2 18. Rxb2 Bxf3 19. gxf3 Qc7 20. Rbe2 Rbd8 21.
Qc1 a6 22. Qg5 Rde8 23. e5 f6 24. exf6 exf6 25. Qg4 Rxe2 26. Rxe2 f5 27. Qg5
Rf7 28. Re6 Kg7 29. h4 f4 30. h5 Rf5 31. h6+ Kf8 32. Rf6+ Rxf6 33. Qxf6+ Qf7
34. Qxd6+ Qe7 35. Qxf4+ Ke8 36. d6 Qe1+ 37. Kg2 Kd7 38. Qf7+ Kxd6 39. Qxh7 Qe8
40. Qf7 Qe5 41. Qxg6+ 1-0

[Event "DEM U18w 2000"]
[Site "Überlingen GER"]
[Date "2000.06.05"]
[Round "3"]
[White "Umpfenbach, Carolin"]
[Black "Klawonn, Malin"]
[Result "1/2-1/2"]
[Termination "normal"]
[Board "1"]
[WhiteElo "2036"]
[BlackElo "1922"]
[PlyCount "66"]
[WhiteFideId "4655117"]
[EventCountry "GER"]
[EventRounds "9"]
[EventType "swiss"]
[EventDate "2000.06.03"]

1. d4 Nf6 2. c4 g6 3. Nc3 Bg7 4. e4 d6 5. f3 O-O 6. Be3 Nbd7 7. Nge2 a6 8. Qd2
c5 9. Nc1 cxd4 10. Bxd4 Qc7 11. Be2 Ne5 12. Nd5 Nxd5 13. cxd5 e6 14. Nb3 Qe7
15. O-O f5 16. f4 Bh6 17. Qc3 Ng4 18. dxe6 Bxe6 19. exf5 gxf5 20. Rae1 Nf6 21.
Bxf6 Qxf6 22. Qxf6 Rxf6 23. Nd4 Bd5 24. Bd3 Raf8 25. Re7 Bg7 26. Re2 R6f7 27.
Nf3 Bxa2 28. Ra1 Bd5 29. Ng5 Bd4+ 30. Kf1 Rg7 31. Ra5 Bb3 32. Rxf5 Rxf5 33.
Bxf5 Rc7 1/2-1/2

[Event "DEM U18w 2000"]
[Site "Überlingen GER"]
[Date "2000.06.05"]
[Round "3"]
[White "Tepluhina, Katharina"]
[Black "Kouznetsova, Elena"]
[Result "1-0"]
[Termination "normal"]
[Board "2"]
[WhiteElo "1935"]
[BlackElo "2028"]
[PlyCount "81"]
[EventCountry "GER"]
[EventRounds "9"]
[EventType "swiss"]
[EventDate "2000.06.03"]

1. e4 c5 2. Nf3 d6 3. d4 cxd4 4. Nxd4 Nf6 5. Nc3 a6 6. a4 e6 7. Be2 Qc7 8. Be3
Nc6 9. O-O Be7 10. Nb3 b6 11. f4 Bb7 12. Bf3 O-O 13. Qe1 Nd7 14. Qf2 Rac8 15.
g4 Kh8 16. g5 Nb4 17. Rad1 Qd8 18. Qg2 Qe8 19. Rd2 Nc5 20. Kh1 a5 21. Nxc5 bxc5
22. Nb5 Rd8 23. c3 Na6 24. Kg1 Bc6 25. c4 Rd7 26. Rfd1 Qa8 27. Nxd6 Bxd6 28.
Rxd6 Rxd6 29. Rxd6 Bxa4 30. e5 Qa7 31. Qd2 Nb4 32. Be4 Bb3 33. Rd8 Qe7 34. Rd7
Qe8 35. Bxc5 Rg8 36. Ra7 Bxc4 37. Ra8 Qxa8 38. Bxa8 Rxa8 39. Bxb4 axb4 40. Qxb4
Ra1+ 41. Kf2 1-0

[Event "DEM U18w 2000"]
[Site "Überlingen GER"]
[Date "2000.06.05"]
[Round "3"]
[White "Rezai-Perdomo, Yuanné"]
[Black "Polushkina, Svetlana"]
[Result "0-1"]
[Termination "normal"]
[Board "3"]
[WhiteElo "1793"]
[BlackElo "2092"]
[PlyCount "62"]
[BlackFideId "4667727"]
[EventCountry "GER"]
[EventRounds "9"]
[EventType "swiss"]
[EventDate "2000.06.03"]

1. e4 c5 2. Nc3 Nc6 3. f4 d6 4. Bc4 e6 5. Nf3 Nf6 6. O-O d5 7. exd5 exd5 8.
Re1+ Be7 9. Bb5 O-O 10. d3 Bg4 11. Bxc6 bxc6 12. h3 Be6 13. Ne5 Qc7 14. g4 Bd6
15. Qf3 d4 16. Ne4 Nxe4 17. dxe4 c4 18. Qg3 Bxe5 19. fxe5 f6 20. Bf4 fxe5 21.
Bxe5 Qb6 22. Bc7 Qxb2 23. Qd6 Bf7 24. Rf1 Rae8 25. Rae1 Qxc2 26. Rf2 Qd3 27.
Ref1 Qxe4 28. Qd7 Re7 29. Qd6 Rfe8 30. Bd8 Bd5 31. Rf3 Rf7 0-1

[Event "DEM U18w 2000"]
[Site "Überlingen GER"]
[Date "2000.06.05"]
[Round "3"]
[White "Lange, Corinna"]
[Black "Goerke, Marina"]
[Result "1-0"]
[Termination "normal"]
[Board "4"]
[WhiteElo "1787"]
[BlackElo "1502"]
[PlyCount "79"]
[EventCountry "GER"]
[EventRounds "9"]
[EventType "swiss"]
[EventDate "2000.06.03"]

1. e4 e5 2. Nf3 d5 3. Nxe5 Bd6 4. d4 dxe4 5. Nc4 Nf6 6. Be2 O-O 7. Nxd6 Qxd6 8.
O-O Nc6 9. c3 Bf5 10. Na3 a6 11. Nc4 Qe7 12. Bg5 h6 13. Bh4 g5 14. Bg3 Nd5 15.
Ne3 Nxe3 16. fxe3 Bg6 17. h4 f5 18. Qb3+ Bf7 19. Qxb7 Na5 20. Qxc7 Qxc7 21.
Bxc7 Nc4 22. Bxc4 Bxc4 23. Rf2 Rf7 24. Be5 f4 25. exf4 Raf8 26. hxg5 hxg5 27.
g3 gxf4 28. gxf4 e3 29. Rh2 Rh7 30. Rxh7 Kxh7 31. Re1 Rg8+ 32. Kh2 e2 33. b3
Bd3 34. c4 Rg6 35. d5 Rh6+ 36. Kg3 Rg6+ 37. Kf2 Rh6 38. d6 Rh2+ 39. Kg3 Rh6 40.
d7 1-0

[Event "DEM U18w 2000"]
[Site "Überlingen GER"]
[Date "2000.06.05"]
[Round "3"]
[White "Fliter, Irena"]
[Black "Köster, Sabrina"]
[Result "1/2-1/2"]
[Termination "normal"]
[Board "5"]
[WhiteElo "2099"]
[BlackElo "1545"]
[PlyCount "75"]
[WhiteFideId "4667387"]
[EventCountry "GER"]
[EventRounds "9"]
[EventType "swiss"]
[EventDate "2000.06.03"]

1. e4 e5 2. Nf3 Nc6 3. Bb5 a6 4. Ba4 Nf6 5. O-O b5 6. Bb3 Be7 7. Re1 O-O 8. a4
Bb7 9. Nc3 b4 10. Nd5 Nxd5 11. Bxd5 d6 12. d4 Bf6 13. dxe5 dxe5 14. Be3 Rb8 15.
Qe2 a5 16. Rad1 Nd4 17. Nxd4 exd4 18. Bxd4 Bxd5 19. Bxf6 Qxf6 20. Rxd5 Qxb2 21.
Rxa5 Ra8 22. Rc5 Rxa4 23. Rxc7 b3 24. e5 Ra1 25. e6 fxe6 26. Qxe6+ Kh8 27. Rf7
Rfa8 28. cxb3 Rxe1+ 29. Qxe1 Kg8 30. Ra7 Rf8 31. h3 Qxb3 32. Qe7 Qb1+ 33. Kh2
Qb8+ 34. Rc7 Qb2 35. Qe6+ Kh8 36. Rc8 Qxf2 37. Qg4 Kg8 38. Rxf8+ 1/2-1/2

[Event "DEM U18w 2000"]
[Site "Überlingen GER"]
[Date "2000.06.05"]
[Round "3"]
[White "Bauer, Kerstin"]
[Black "Beilschmidt, Eva"]
[Result "1-0"]
[Termination "normal"]
[Board "6"]
[WhiteElo "1770"]
[BlackElo "1178"]
[PlyCount "157"]
[EventCountry "GER"]
[EventRounds "9"]
[EventType "swiss"]
[EventDate "2000.06.03"]

1. d4 Nf6 2. c4 e6 3. Nf3 c5 4. e3 b6 5. dxc5 Bxc5 6. a3 a5 7. Nc3 O-O 8. Be2
Bb7 9. Na4 Nc6 10. O-O Rb8 11. Nxc5 bxc5 12. Qc2 Qc7 13. h3 Ne5 14. Nxe5 Qxe5
15. Rd1 Qg5 16. Bf1 Bc6 17. Bd2 a4 18. e4 Qe5 19. Bc3 Qxe4 20. Qxe4 Nxe4 21.
Be5 Rb3 22. f3 f6 23. Bh2 Ng5 24. Bd6 Rc8 25. Rab1 Bb7 26. Bd3 Nf7 27. Bc2 Rb6
28. Be7 d6 29. b4 cxb4 30. Rxb4 Rxb4 31. axb4 Rxc4 32. Bxa4 Rxb4 33. Bd7 Bd5
34. Ra1 h6 35. Ra7 Rb1+ 36. Kf2 Bc4 37. Be8 d5 38. Bxf6 gxf6 39. Bxf7+ Kf8 40.
Bxe6 Rb2+ 41. Kg1 Rb1+ 42. Kh2 Rb2 43. Rf7+ Ke8 44. Rxf6 Bf1 45. Rg6 d4 46. Kg1
Be2 47. Bf5 d3 48. Bxd3 Bxd3 49. Rxh6 Rb1+ 50. Kh2 Rb2 51. Rh5 Kf7 52. Rg5 Kf6
53. h4 Bf1 54. Kg1 Bd3 55. g4 Rb4 56. Kf2 Bc2 57. Rc5 Bd1 58. Rc3 Kg6 59. Kg3
Bb3 60. Rc6+ Kf7 61. h5 Bd5 62. Rd6 Rd4 63. g5 Rd3 64. Rf6+ Kg7 65. Kg4 Rd4+
66. f4 Be4 67. Re6 Kf7 68. Re5 Bh7 69. Rc5 Rd7 70. Rc4 Bd3 71. Rb4 Kg7 72. f5
Be2+ 73. Kh4 Rd1 74. h6+ Kh7 75. Rb7+ Kh8 76. g6 Rh1+ 77. Kg5 Rh5+ 78. Kf6 Rxh6
79. Rb8# 1-0

[Event "DEM U18w 2000"]
[Site "Überlingen GER"]
[Date "2000.06.05"]
[Round "3"]
[White "Piochacz, Petra"]
[Black "Hippe, Franziska"]
[Result "0-1"]
[Termination "normal"]
[Board "7"]
[WhiteElo "1589"]
[BlackElo "1672"]
[PlyCount "80"]
[EventCountry "GER"]
[EventRounds "9"]
[EventType "swiss"]
[EventDate "2000.06.03"]

1. e4 c5 2. Nc3 Nc6 3. g3 g6 4. Bg2 Bg7 5. d3 e6 6. Be3 d6 7. Qd2 Rb8 8. f4
Nge7 9. Nf3 Nd4 10. Nd1 b5 11. c3 Nxf3+ 12. Bxf3 O-O 13. O-O Qc7 14. Bg2 a5 15.
g4 b4 16. Bh3 f5 17. g5 Ba6 18. Rf2 Rb6 19. Bg2 Rfb8 20. Bf3 bxc3 21. bxc3 Rb1
22. Rxb1 Rxb1 23. h4 a4 24. Rh2 a3 25. h5 Qb8 26. hxg6 hxg6 27. d4 Qb5 28. Be2
c4 29. e5 d5 30. Bf1 Ra1 31. Qc2 Bb7 32. Kf2 Qb1 33. Ke1 Bc6 34. Qxb1 Rxb1 35.
Rc2 Ra1 36. Be2 Ba4 37. Rd2 Bb3 38. axb3 cxb3 39. c4 a2 40. Kf2 Rxd1 0-1